00511 2200205 4500001002100000008004100021035002000062245006700082100002300149250000600172260003200178300001100210084001400221082000800235650001400243990001200257990001200269990001200281990001200293INLIS000000000000563 ind  a0010-0424000539 aServis Roda dan Suspensi Sepeda MotorcArif Hidayatullah, S.Pd aHidayatullah, Arif a1 aYogyakarta :bInsaniac2012 a84 hlm a600 Ari s a600 aNon Fiksi a0722280 a0722281 a0722282 a0722283